000 00464cam a22001457a 4500
008 180718b2005 xxu||||| |||| 00| 0 eng d
082 _aA81x54 01/11PCA
100 _aCensus of India 2001
245 _aBihar: primary census abstract
260 _aDelhi
_bThe Controller of Publications
_c2005
300 _a-v-
440 _aCensus of India 2001. Series-11, Bihar
500 _aContents: v.1., Tables A5-A7. 454p.;v.2., Tables A8 & A9
650 _aBihar - Census
999 _c488311
_d488311